| 000 | 00908nam a22002895a 4500 | ||
|---|---|---|---|
| 005 | 20160811145940.0 | ||
| 008 | 150219r20142011ii a fr2b 001 0 eng d | ||
| 020 | _a9780070707023 | ||
| 020 | _a0070707022 | ||
| 040 |
_aEG-ScBUE _beng _cEG-ScBUE |
||
| 082 | 0 | 4 |
_222 _a621.4 _bYAH |
| 100 | 1 |
_aYahya, S. M. _937465 |
|
| 245 | 1 | 0 |
_aTurbines compressors and fans / _cS. M. Yahya. |
| 250 |
_a4th ed., _breprinted. |
||
| 260 |
_aNew Delhi : _bMcGraw-Hill Education (india) Private Limited, _c2014. |
||
| 300 |
_axx, 923 p. : _bill. ; _c23 cm. |
||
| 500 | _aIndex : p. 915-923. | ||
| 500 | _aReprint of the 2011 ed. | ||
| 504 | _aBibliography : p. 850-914. | ||
| 650 | 7 |
_aTurbines. _937466 _2BUEsh |
|
| 650 | 7 |
_aCompressors. _96434 _2BUEsh |
|
| 650 | 7 |
_aFans (Machinery). _917831 _2BUEsh |
|
| 651 | _2BUEsh | ||
| 653 |
_bENGMEC _cFebruary2015 |
||
| 653 |
_bENGMEC _cAugust 2016 |
||
| 942 |
_2ddc _k621.4 YAH _e22 |
||
| 999 |
_c19008 _d18980 |
||